[Event "Bijeljina Sretenje"]
[Site "Bijeljina"]
[Date "2020.02.14"]
[Round "9"]
[White "Saksham, Rautela"]
[Black "Jovanovic, Bojan P"]
[Result "1/2-1/2"]
[WhiteElo "2291"]
[BlackElo "2444"]
[PlyCount "64"]
[EventDate "2020.02.10"]
[EventType "tourn"]
[EventRounds "10"]
[EventCountry "BIH"]
[EventCategory "6"]
[SourceTitle "CBM 195 Extra"]
[Source "ChessBase"]
[SourceDate "2020.05.31"]
[SourceVersion "1"]
[SourceVersionDate "2020.05.31"]
[SourceQuality "1"]

1. Nf3 d5 2. g3 g6 3. Bg2 Bg7 4. 0-0 e5 5. c4 dxc4 6. Qa4+ c6 7. Qxc4 Be6 8. Qc2 Nd7 9. Nc3 h6 10. d3 Ne7 11. Bd2 0-0 12. a3 Nc5 13. b4 Nb3 14. Rab1 Nxd2 15. Nxd2 Nd5 16. Nxd5 Bxd5 17. Bxd5 cxd5 18. Rfc1 Rc8 19. Qd1 Qd7 20. Rxc8 Rxc8 21. Rc1 Rxc1 22. Qxc1 b6 23. Qc3 e4 24. d4 Kf8 25. e3 Ke7 26. h4 h5 27. Kf1 Qh3+ 28. Kg1 Qd7 29. Kf1 Qb5+ 30. Ke1 Kd7 31. Kd1 Qc6 32. Qxc6+ Kxc6 1/2-1/2

[Event "Bijeljina Sretenje"]
[Site "Bijeljina"]
[Date "2020.02.11"]
[Round "3"]
[White "Jovanovic, Bojan P"]
[Black "Savic, Miodrag R"]
[Result "1-0"]
[WhiteElo "2444"]
[BlackElo "2446"]
[PlyCount "71"]
[EventDate "2020.02.10"]
[EventType "tourn"]
[EventRounds "10"]
[EventCountry "BIH"]
[EventCategory "6"]
[SourceTitle "CBM 195 Extra"]
[Source "ChessBase"]
[SourceDate "2020.05.31"]
[SourceVersion "1"]
[SourceVersionDate "2020.05.31"]
[SourceQuality "1"]

1. d4 Nf6 2. c4 e6 3. Nf3 b6 4. g3 Ba6 5. Qc2 Bb7 6. Bg2 c5 7. d5 exd5 8. 0-0 dxc4 9. Nc3 d5 10. e4 Nxe4 11. Nxe4 dxe4 12. Rd1 Qc8 13. Ne5 Nc6 14. Qxe4 Na5 15. Qf4 f6 16. Bxb7 Qxb7 17. Nxc4 Nxc4 18. Qxc4 Be7 19. Qb5+ Kf7 20. Qc4+ Ke8 21. Bf4 Rd8 22. Rxd8+ Kxd8 23. Rd1+ Ke8 24. Qb5+ Kf8 25. Rd7 Qe4 26. Bd6 Bxd6 27. Rd8+ Kf7 28. Rxh8 Qb1+ 29. Qf1 Qxa2 30. Qd3 Qe6 31. Ra8 f5 32. Rxa7+ Kg6 33. Rb7 Be5 34. Qb5 Bf6 35. Rxb6 Qe1+ 36. Qf1 1-0

[Event "Novi Sad TS IM 109th"]
[Site "Novi Sad"]
[Date "2019.02.11"]
[Round "8"]
[White "Yanjinlkham, Bayarsaikhan"]
[Black "Jovanovic, Bojan P"]
[Result "0-1"]
[WhiteElo "1968"]
[BlackElo "2270"]
[PlyCount "66"]
[EventDate "2019.02.07"]
[EventType "tourn"]
[EventRounds "9"]
[EventCountry "SRB"]
[SourceTitle "CBM 189 Extra"]
[Source "ChessBase"]
[SourceDate "2019.06.03"]
[SourceVersion "1"]
[SourceVersionDate "2019.06.03"]
[SourceQuality "1"]

1. d4 e6 2. e3 b6 3. Nf3 Bb7 4. c4 Nf6 5. Bd3 c5 6. 0-0 Be7 7. b3 Qc7 8. Bb2 Ng4 9. Nbd2 cxd4 10. exd4 Qf4 11. Qe2 Bd6 12. Ne4 Be7 13. h3 Nf6 14. d5 Nxe4 15. Bxe4 f5 16. Bc2 0-0 17. Bc1 Qd6 18. a4 Na6 19. Ba3 Nc5 20. b4 Ne4 21. b5 Nc5 22. Rfe1 Bf6 23. Rad1 exd5 24. Nd4 g6 25. Bxf5 Bxd4 26. Rxd4 Rxf5 27. cxd5 Raf8 28. f3 Rf4 29. Rd3 Qf6 30. Bb2 Qxb2 31. Qxb2 Nxd3 32. Qa2 Nxe1 33. d6+ R8f7 0-1

[Event "Novi Sad TS IM 109th"]
[Site "Novi Sad"]
[Date "2019.02.09"]
[Round "5"]
[White "Jovanovic, Bojan P"]
[Black "Savic, Miodrag R"]
[Result "1/2-1/2"]
[WhiteElo "2270"]
[BlackElo "2486"]
[PlyCount "27"]
[EventDate "2019.02.07"]
[EventType "tourn"]
[EventRounds "9"]
[EventCountry "SRB"]
[SourceTitle "CBM 189 Extra"]
[Source "ChessBase"]
[SourceDate "2019.06.03"]
[SourceVersion "1"]
[SourceVersionDate "2019.06.03"]
[SourceQuality "1"]

1. d4 Nf6 2. c4 e6 3. Nf3 Bb4+ 4. Bd2 Bxd2+ 5. Nbxd2 d6 6. e4 0-0 7. g3 e5 8. d5 a5 9. Bg2 Na6 10. 0-0 Nc5 11. Qc2 Bg4 12. b3 Bxf3 13. Bxf3 h6 14. a3 1/2-1/2

[Event "Novi Sad TS IM 109th"]
[Site "Novi Sad"]
[Date "2019.02.08"]
[Round "3"]
[White "Jovanovic, Bojan P"]
[Black "Zhang, Lanlin"]
[Result "1/2-1/2"]
[WhiteElo "2270"]
[BlackElo "2189"]
[PlyCount "39"]
[EventDate "2019.02.07"]
[EventType "tourn"]
[EventRounds "9"]
[EventCountry "SRB"]
[SourceTitle "CBM 189 Extra"]
[Source "ChessBase"]
[SourceDate "2019.06.03"]
[SourceVersion "1"]
[SourceVersionDate "2019.06.03"]
[SourceQuality "1"]

1. c4 e5 2. Nc3 d6 3. g3 g6 4. Bg2 Bg7 5. e4 Ne7 6. Nge2 c5 7. a3 Nbc6 8. Rb1 0-0 9. b4 f5 10. bxc5 dxc5 11. Nd5 Nxd5 12. exd5 Na5 13. d3 f4 14. Be4 Bh6 15. Bb2 Qd6 16. Qc2 b6 17. Qc3 Bf5 18. f3 Rae8 19. g4 Bd7 20. h4 1/2-1/2

[Event "SRB-chT2 East"]
[Site "Serbia"]
[Date "2017.10.08"]
[Round "11.6"]
[White "Petrovic, Tijana"]
[Black "Jovanovic, Bojan P"]
[Result "0-1"]
[WhiteElo "1797"]
[BlackElo "2241"]
[PlyCount "48"]
[EventDate "2017.09.08"]
[EventType "team-tourn"]
[EventRounds "11"]
[EventCountry "SRB"]
[SourceTitle "EXT 2022"]
[Source "ChessBase"]
[SourceDate "2021.10.06"]
[SourceVersion "1"]
[SourceVersionDate "2021.10.06"]
[SourceQuality "1"]

1. e4 g6 2. g3 Bg7 3. Bg2 e5 4. Ne2 Nc6 5. 0-0 d6 6. c3 Bd7 7. d4 Qc8 8. Re1 Bh3 9. Bh1 h5 10. Bg5 h4 11. Qd3 hxg3 12. fxg3 Qg4 13. Be3 Qh5 14. Nd2 Nf6 15. d5 Nxd5 16. Nf3 Nxe3 17. Qxe3 Bg4 18. Qf2 Ke7 19. Rf1 Raf8 20. Rae1 Kd7 21. c4 f5 22. Nc3 fxe4 23. Nxe4 Bxf3 24. Bxf3 Rxf3 0-1

[Event "SRB-chT2 East"]
[Site "Serbia"]
[Date "2017.09.09"]
[Round "3.3"]
[White "Jovanovic, Bojan P"]
[Black "Stojanovic, Milorad"]
[Result "1-0"]
[WhiteElo "2241"]
[BlackElo "1922"]
[PlyCount "75"]
[EventDate "2017.09.08"]
[EventType "team-tourn"]
[EventRounds "11"]
[EventCountry "SRB"]
[SourceTitle "EXT 2022"]
[Source "ChessBase"]
[SourceDate "2021.10.06"]
[SourceVersion "1"]
[SourceVersionDate "2021.10.06"]
[SourceQuality "1"]

1. b3 Nf6 2. Bb2 e6 3. e3 b6 4. f4 Bb7 5. Nf3 c5 6. Be2 Nc6 7. 0-0 Be7 8. d3 Nd5 9. Qc1 Bf6 10. c3 d6 11. e4 Nc7 12. d4 0-0 13. Qe3 g6 14. Rd1 cxd4 15. cxd4 d5 16. e5 Be7 17. a3 Ba6 18. Bxa6 Nxa6 19. Qd3 Nc7 20. Rc1 Na5 21. Nbd2 Qd7 22. g4 Rfc8 23. Rf1 Ne8 24. Ne1 Ng7 25. Ng2 Rc7 26. Ne3 Rac8 27. Kg2 Qd8 28. Rf3 f5 29. exf6 Bxf6 30. Rh3 Rf7 31. Rf1 Rcc7 32. Rff3 Qd6 33. Rh6 Nc6 34. Rfh3 Ne8 35. Rxh7 Rg7 36. Rh8+ Kf7 37. g5 Bd8 38. Ng4 1-0

[Event "Paracin Summer op-A 10th"]
[Site "Paracin"]
[Date "2017.07.08"]
[Round "3.27"]
[White "Jovanovic, Bojan P"]
[Black "Dimitrov, Vladimir"]
[Result "1/2-1/2"]
[WhiteElo "2233"]
[BlackElo "2359"]
[PlyCount "39"]
[EventDate "2017.07.07"]
[EventType "swiss"]
[EventRounds "9"]
[EventCountry "SRB"]
[SourceTitle "EXT 2018"]
[Source "ChessBase"]
[SourceDate "2017.10.13"]
[SourceVersion "1"]
[SourceVersionDate "2017.10.13"]
[SourceQuality "1"]

1. d4 d5 2. c4 dxc4 3. Nf3 Nf6 4. e3 Bg4 5. Bxc4 e6 6. 0-0 a6 7. Nc3 Nc6 8. Be2 Bd6 9. h3 Bh5 10. b3 0-0 11. Bb2 Re8 12. Rc1 Qe7 13. Na4 Nb4 14. a3 Nbd5 15. Nc5 b6 16. Nxa6 Bxf3 17. gxf3 Nh5 18. f4 Nhxf4 19. exf4 Qh4 20. Bf3 1/2-1/2

[Event "Nis op"]
[Site "Nis"]
[Date "2017.07.03"]
[Round "7"]
[White "Jovanovic, Bojan P"]
[Black "Lazov, Toni"]
[Result "0-1"]
[WhiteElo "2190"]
[BlackElo "2289"]
[PlyCount "119"]
[EventDate "2017.06.27"]
[EventType "swiss"]
[EventRounds "9"]
[EventCountry "YUG"]
[SourceTitle "CBM 179 Extra"]
[Source "ChessBase"]
[SourceDate "2017.08.23"]
[SourceVersion "1"]
[SourceVersionDate "2017.08.23"]
[SourceQuality "1"]

1. d4 Nf6 2. c4 g6 3. Nc3 Bg7 4. e4 d6 5. f3 0-0 6. Be3 Nbd7 7. Nge2 c5 8. d5 Ne5 9. Ng3 h5 10. Be2 h4 11. Nf1 e6 12. Nd2 exd5 13. cxd5 a6 14. 0-0 Ne8 15. f4 Nd7 16. Nf3 b5 17. Qd2 Qe7 18. Qc2 Nef6 19. Nd2 Nb6 20. Nd1 h3 21. e5 Nfxd5 22. exd6 Qe6 23. Qxc5 Na4 24. Qa3 Nxe3 25. Qxe3 Qxd6 26. Ne4 Qd8 27. Ndf2 Bd4 28. Qg3 Re8 29. Bf3 Bb7 30. Ng5 Bxf3 31. gxf3 Qf6 32. Qxh3 Qxf4 33. Qh7+ Kf8 34. Qh6+ Kg8 35. Qh7+ Kf8 36. Qh6+ Ke7 37. Rfe1+ Kd7 38. Qh3+ Kc6 39. Rac1+ Kb6 40. Nge4 f5 41. Rcd1 Rad8 42. Qg3 Qxg3+ 43. Nxg3 Nxb2 44. Rxe8 Bxf2+ 45. Kg2 Rxe8 46. Rd6+ Kc5 47. Rxa6 Bxg3 48. Kxg3 Rg8 49. Kf4 Nd3+ 50. Kg5 Ne5 51. Ra3 Rh8 52. Re3 Kd4 53. Rb3 Rxh2 54. Kf6 Rxa2 55. Rxb5 Ra6+ 56. Kg5 Nxf3+ 57. Kf4 Nd2 58. Rb4+ Kd5 59. Rb5+ Kc4 60. Rb1 0-1

[Event "Veliko Gradiste Silver Lake op-A"]
[Site "Veliko Gradiste"]
[Date "2017.06.23"]
[Round "7"]
[White "Matovic, Mihajlo Z"]
[Black "Jovanovic, Bojan P"]
[Result "1-0"]
[WhiteElo "2277"]
[BlackElo "2190"]
[PlyCount "134"]
[EventDate "2017.06.18"]
[EventType "swiss"]
[EventRounds "9"]
[EventCountry "SRB"]
[SourceTitle "CBM 179 Extra"]
[Source "ChessBase"]
[SourceDate "2017.08.23"]
[SourceVersion "1"]
[SourceVersionDate "2017.08.23"]
[SourceQuality "1"]

1. d4 d5 2. Nf3 Nf6 3. c4 e6 4. g3 Bb4+ 5. Bd2 Be7 6. Bg2 0-0 7. 0-0 Nbd7 8. Qc2 c6 9. Bf4 Nh5 10. Bc1 Nhf6 11. Nbd2 b6 12. e4 Bb7 13. e5 Ne8 14. cxd5 cxd5 15. Re1 Qc8 16. Qb3 Ba6 17. h4 Qc6 18. h5 h6 19. Nf1 Rc8 20. Bd2 Qb5 21. Ne3 Nc7 22. Rec1 Nb8 23. Qc2 Na8 24. Bc3 Qd3 25. Qa4 Qb5 26. Qd1 Qe2 27. Qa4 Qb5 28. Qc2 Qd3 29. Bf1 Qxc2 30. Rxc2 Rc6 31. Rac1 Rfc8 32. Ne1 Bxf1 33. Kxf1 Kf8 34. Nd3 Ke8 35. Ke2 Nc7 36. Nb4 Bxb4 37. Bxb4 Nb5 38. Kd3 Rxc2 39. Rxc2 Nc6 40. Bc3 a5 41. f4 Kd7 42. f5 Rg8 43. g4 Rf8 44. Rf2 Ke7 45. f6+ gxf6 46. Rxf6 Rh8 47. Nxd5+ exd5 48. Rxc6 Nxc3 49. bxc3 Rg8 50. Rxh6 Rxg4 51. Rxb6 Rg3+ 52. Kc2 Rg4 53. Kb2 Rg2+ 54. Ka3 Rc2 55. Rc6 Kd7 56. Rc5 Ke6 57. h6 Kf5 58. h7 Rh2 59. Rxd5 Rxh7 60. Ka4 Ke4 61. Rc5 Rh2 62. a3 Kd3 63. Kxa5 Ra2 64. a4 Kc2 65. Kb5 Rb2+ 66. Kc6 Ra2 67. a5 Kb3 1-0

[Event "Veliko Gradiste Silver Lake op-A"]
[Site "Veliko Gradiste"]
[Date "2017.06.22"]
[Round "6"]
[White "Jovanovic, Bojan P"]
[Black "Krasteva, Beloslava"]
[Result "1-0"]
[WhiteElo "2190"]
[BlackElo "1902"]
[PlyCount "123"]
[EventDate "2017.06.18"]
[EventType "swiss"]
[EventRounds "9"]
[EventCountry "SRB"]
[SourceTitle "EXT 2018"]
[Source "ChessBase"]
[SourceDate "2017.10.13"]
[SourceVersion "1"]
[SourceVersionDate "2017.10.13"]
[SourceQuality "1"]

1. e4 c5 2. b3 e6 3. Nf3 d5 4. exd5 exd5 5. Bb5+ Nc6 6. 0-0 Nf6 7. Re1+ Be7 8. Qe2 Bg4 9. Ba3 Qd6 10. Bxc6+ bxc6 11. Nc3 Bxf3 12. Qxf3 0-0 13. Na4 Qc7 14. Rxe7 Qxe7 15. Bxc5 Qe6 16. Bxf8 Rxf8 17. Nc5 Qe5 18. c3 Re8 19. Nd3 Qe2 20. Rd1 Kf8 21. Qxe2 Rxe2 22. f3 Ke8 23. Kf1 Re6 24. Re1 Ke7 25. Ne5 Kf8 26. d4 Ne8 27. a4 f6 28. Nd7+ Ke7 29. Nc5 Rxe1+ 30. Kxe1 Nd6 31. Ke2 Nc8 32. Nd3 Kd6 33. Ke3 Ne7 34. Nf4 g6 35. g4 Nc8 36. h4 Ne7 37. Kd3 Kd7 38. Ke3 Kd6 39. Nd3 Ke6 40. Nc5+ Kd6 41. Kf4 h6 42. Ke3 Nc8 43. Nd3 Ne7 44. Nc1 f5 45. g5 h5 46. Kf4 Nc8 47. Nd3 Ne7 48. Ne5 Ke6 49. c4 dxc4 50. bxc4 Kd6 51. Nd3 Ke6 52. Ke3 Kd6 53. Nf4 Kd7 54. c5 Kc7 55. Kd3 Kd7 56. Kc4 Kd8 57. d5 cxd5+ 58. Kd4 Nc6+ 59. Kxd5 Kd7 60. Nxg6 Nd8 61. Nf4 Ke7 62. c6 1-0

[Event "Veliko Gradiste Silver Lake op-A"]
[Site "Veliko Gradiste"]
[Date "2017.06.19"]
[Round "3"]
[White "Radovanovic, Dusan"]
[Black "Jovanovic, Bojan P"]
[Result "1-0"]
[WhiteElo "2337"]
[BlackElo "2190"]
[PlyCount "45"]
[EventDate "2017.06.18"]
[EventType "swiss"]
[EventRounds "9"]
[EventCountry "SRB"]
[SourceTitle "CBM 179 Extra"]
[Source "ChessBase"]
[SourceDate "2017.08.23"]
[SourceVersion "1"]
[SourceVersionDate "2017.08.23"]
[SourceQuality "1"]

1. e4 e6 2. d4 d5 3. Nc3 Nf6 4. Bg5 Bb4 5. e5 h6 6. Bd2 Bxc3 7. bxc3 Ne4 8. Qg4 Kf8 9. Bc1 c5 10. Bd3 Qa5 11. Ne2 cxd4 12. 0-0 dxc3 13. Bxe4 dxe4 14. Rd1 Bd7 15. Rb1 Bc6 16. Nd4 Kg8 17. Nxe6 fxe6 18. Qxe6+ Kh7 19. Bxh6 Nd7 20. Rxb7 Bxb7 21. Rxd7 Rhg8 22. Qf6 Qd8 23. Rxg7+ 1-0

[Event "Veliko Gradiste Silver Lake op-A"]
[Site "Veliko Gradiste"]
[Date "2017.06.18"]
[Round "1"]
[White "Abramovic, Bosko"]
[Black "Jovanovic, Bojan P"]
[Result "1/2-1/2"]
[WhiteElo "2413"]
[BlackElo "2190"]
[PlyCount "39"]
[EventDate "2017.06.18"]
[EventType "swiss"]
[EventRounds "9"]
[EventCountry "SRB"]
[SourceTitle "CBM 179 Extra"]
[Source "ChessBase"]
[SourceDate "2017.08.23"]
[SourceVersion "1"]
[SourceVersionDate "2017.08.23"]
[SourceQuality "1"]

1. Nf3 d5 2. d4 Nf6 3. c4 e6 4. g3 dxc4 5. Bg2 Nbd7 6. 0-0 Rb8 7. Qc2 a6 8. Qxc4 b5 9. Qc2 c5 10. Bf4 Rb6 11. Ne5 Bb7 12. Nxd7 Nxd7 13. Bxb7 Rxb7 14. dxc5 Bxc5 15. Nc3 0-0 16. Rfd1 e5 17. Qe4 Qb6 18. Nd5 Bxf2+ 19. Kg2 Qa7 20. Ne7+ 1/2-1/2

[Event "EU-ch Amateur U2300"]
[Site "Nis"]
[Date "2017.06.14"]
[Round "6"]
[White "Zivkovic, Marko"]
[Black "Jovanovic, Bojan P"]
[Result "0-1"]
[WhiteElo "2263"]
[BlackElo "2190"]
[PlyCount "92"]
[EventDate "2017.06.10"]
[EventType "swiss"]
[EventRounds "9"]
[EventCountry "SRB"]
[SourceTitle "EXT 2018"]
[Source "ChessBase"]
[SourceDate "2017.10.13"]
[SourceVersion "1"]
[SourceVersionDate "2017.10.13"]
[SourceQuality "1"]

1. d4 d5 2. Bf4 Nf6 3. Nf3 c5 4. c3 Nc6 5. e3 Qb6 6. Qb3 c4 7. Qxb6 axb6 8. Na3 Na7 9. Nd2 Bf5 10. Rc1 Nc8 11. Ra1 Na7 12. f3 e6 13. Naxc4 dxc4 14. e4 Bg6 15. Nxc4 Nc8 16. Ne5 Na7 17. Nc4 Nc8 18. Ne5 Na7 19. h4 Nh5 20. Bh2 Be7 21. g3 f5 22. Bc4 fxe4 23. Bxe6 exf3 24. 0-0 Rf8 25. Nd7 Rh8 26. Rxf3 Nc8 27. Re1 Kd8 28. g4 Nf6 29. Ne5 Be8 30. g5 Nh5 31. Nf7+ Bxf7 32. Bxf7 g6 33. Re5 Ra5 34. Bd5 Bd6 35. b4 Bxe5 36. Bxe5 Rxd5 37. Bxh8 Nd6 38. Be5 Nc4 39. Rf8+ Ke7 40. Rb8 Nxe5 41. dxe5 Rd7 42. Kf2 Nf4 43. Kf3 Nd5 44. h5 Ke6 45. hxg6 hxg6 46. Re8+ Re7 0-1

[Event "EU-ch Amateur U2300"]
[Site "Nis"]
[Date "2017.06.11"]
[Round "2"]
[White "Jovanovic, Bojan P"]
[Black "Baglan, Esat"]
[Result "1-0"]
[WhiteElo "2190"]
[BlackElo "2285"]
[PlyCount "69"]
[EventDate "2017.06.10"]
[EventType "swiss"]
[EventRounds "9"]
[EventCountry "SRB"]
[SourceTitle "EXT 2018"]
[Source "ChessBase"]
[SourceDate "2017.10.13"]
[SourceVersion "1"]
[SourceVersionDate "2017.10.13"]
[SourceQuality "1"]

1. d4 Nf6 2. c4 e6 3. Nf3 d5 4. Nc3 c6 5. e3 Nbd7 6. Qc2 Bd6 7. Bd3 dxc4 8. Bxc4 b5 9. Be2 Bb7 10. 0-0 0-0 11. Ng5 e5 12. Bf3 Rc8 13. Qf5 g6 14. Qh3 h5 15. Ne6 Qe7 16. Nxf8 Nxf8 17. Qh4 N8h7 18. Ne4 Bb8 19. b3 Re8 20. Ba3 Qxa3 21. Nxf6+ Nxf6 22. Qxf6 e4 23. Bxh5 gxh5 24. Qg5+ Kf8 25. f3 Qd6 26. Qxh5 Qg6 27. Qxg6 fxg6 28. fxe4+ Kg7 29. e5 c5 30. Rac1 cxd4 31. exd4 Rd8 32. e6 Bd5 33. e7 Rh8 34. Rf8 Bxh2+ 35. Kh1 1-0

[Event "SRB-chT 1st League"]
[Site "Kragujevac"]
[Date "2016.09.18"]
[Round "11.6"]
[White "Nadj Hedjesi, Balind"]
[Black "Jovanovic, Bojan P"]
[Result "1-0"]
[WhiteElo "2311"]
[BlackElo "2236"]
[PlyCount "87"]
[EventDate "2016.09.10"]
[EventType "team-tourn"]
[EventRounds "11"]
[EventCountry "SRB"]
[SourceTitle "CBM 174 Extra"]
[Source "ChessBase"]
[SourceDate "2016.10.10"]
[SourceVersion "1"]
[SourceVersionDate "2016.10.10"]
[SourceQuality "1"]
[WhiteTeam "Despotovac Sloga"]
[BlackTeam "Pirot Progres"]
[WhiteTeamCountry "SRB"]
[BlackTeamCountry "SRB"]

1. d4 e6 2. Nf3 Nf6 3. Bf4 c5 4. c3 Nc6 5. e3 d5 6. Nbd2 Be7 7. Bd3 Nh5 8. Bg3 Bd7 9. 0-0 Nxg3 10. hxg3 0-0 11. dxc5 Bxc5 12. e4 dxe4 13. Nxe4 Be7 14. Qe2 Qa5 15. g4 Ne5 16. b4 Nxf3+ 17. Qxf3 Qc7 18. Rad1 Bc6 19. Qh3 Rfd8 20. g5 Qf4 21. Nf6+ Bxf6 22. Qxh7+ Kf8 23. gxf6 gxf6 24. b5 Bxg2 25. Bg6 Qc7 26. Kxg2 a6 27. a4 Rac8 28. Bh5 e5 29. Rh1 Qc4 30. Qf5 Ke7 31. Rxd8 Rxd8 32. Bxf7 Qxf7 33. Rh7 Rg8+ 34. Kf1 Rg7 35. Rxg7 Qxg7 36. Qc8 Kd6 37. bxa6 Qg6 38. Qb8+ Ke6 39. Qc8+ Kd6 40. Qd8+ Ke6 41. Qb6+ Kf5 42. Qb1+ e4 43. Qb5+ Kf4 44. axb7 1-0

[Event "SRB Central-ch op-A 9th"]
[Site "Paracin"]
[Date "2016.07.11"]
[Round "5"]
[White "Jovanovic, Bojan P"]
[Black "Dogan, Mire Deniz"]
[Result "1-0"]
[WhiteElo "2246"]
[BlackElo "2042"]
[PlyCount "51"]
[EventDate "2016.07.07"]
[EventType "swiss"]
[EventRounds "9"]
[EventCountry "SRB"]
[SourceTitle "CBM 173 Extra"]
[Source "ChessBase"]
[SourceDate "2016.08.29"]
[SourceVersion "1"]
[SourceVersionDate "2016.08.29"]
[SourceQuality "1"]

1. f4 d5 2. Nf3 Nf6 3. e3 Bg4 4. Be2 c6 5. b3 Nbd7 6. Bb2 e6 7. 0-0 Bd6 8. Ne5 Bxe2 9. Qxe2 Qc7 10. Nxd7 Qxd7 11. d3 Qc7 12. e4 dxe4 13. dxe4 0-0-0 14. e5 Bc5+ 15. Kh1 Nd5 16. Nd2 Ne3 17. Ne4 Nxf1 18. Nxc5 Nd2 19. Bc3 Qb6 20. Nd3 h5 21. Qxd2 h4 22. h3 Rhg8 23. Qe1 g5 24. Ba5 Qd4 25. Bxd8 gxf4 26. Bxh4 1-0

[Event "Skopje Karposh op"]
[Site "Skopje"]
[Date "2016.04.02"]
[Round "2"]
[White "Kozul, Zdenko"]
[Black "Jovanovic, Bojan P"]
[Result "1-0"]
[WhiteElo "2609"]
[BlackElo "2298"]
[PlyCount "83"]
[EventDate "2016.04.01"]
[EventType "swiss"]
[EventRounds "9"]
[EventCountry "MKD"]
[SourceTitle "CBM 171 Extra"]
[Source "ChessBase"]
[SourceDate "2016.04.26"]
[SourceVersion "1"]
[SourceVersionDate "2016.04.26"]
[SourceQuality "1"]

1. Nf3 e6 2. g3 b6 3. Bg2 Bb7 4. 0-0 f5 5. d3 Nf6 6. e4 fxe4 7. Ng5 Bc5 8. Nc3 Nc6 9. Ncxe4 Be7 10. f4 Nxe4 11. Nxe4 0-0 12. d4 Qe8 13. c3 Nd8 14. Re1 Rb8 15. b4 Nf7 16. a4 a6 17. Qd3 b5 18. f5 exf5 19. Nc5 Bxg2 20. Kxg2 Rb6 21. axb5 Qa8+ 22. Kg1 Bxc5 23. dxc5 Rxb5 24. Qxd7 Qf3 25. Bd2 f4 26. Rf1 Qh5 27. Rxf4 Rbb8 28. Raf1 h6 29. Rf5 Qg6 30. Qxc7 Rbe8 31. Qf4 Re7 32. Be3 Rfe8 33. Bd4 Re4 34. Qf3 Ng5 35. Rf8+ Kh7 36. Qf5 Rxf8 37. Qxg6+ Kxg6 38. Rxf8 Ne6 39. Ra8 Re2 40. Rxa6 Kf5 41. Kf1 Rxh2 42. g4+ 1-0

[Event "SRB-ch Central"]
[Site "Kragujevac"]
[Date "2015.03.10"]
[Round "2"]
[White "Ristic, Nenad"]
[Black "Jovanovic, Bojan P"]
[Result "0-1"]
[WhiteElo "2437"]
[BlackElo "2261"]
[PlyCount "112"]
[EventDate "2015.03.09"]
[EventType "swiss"]
[EventRounds "9"]
[EventCountry "SRB"]
[SourceTitle "CBM 165 Extra"]
[Source "ChessBase"]
[SourceDate "2015.04.21"]
[SourceVersion "1"]
[SourceVersionDate "2015.04.21"]
[SourceQuality "1"]

1. e4 e6 2. d4 d5 3. Nd2 Nf6 4. e5 Nfd7 5. Bd3 c5 6. c3 Nc6 7. Ngf3 Qb6 8. 0-0 Be7 9. Re1 g5 10. dxc5 Qc7 11. Nb3 h6 12. Qe2 Nxc5 13. Nxc5 Bxc5 14. b4 Bf8 15. h3 Bd7 16. a3 Bg7 17. c4 dxc4 18. Bxc4 Rc8 19. Bd3 Ne7 20. Be3 Nd5 21. Rac1 Qb8 22. Rxc8+ Qxc8 23. Rc1 Qb8 24. Bb5 a6 25. Bxd7+ Kxd7 26. b5 Rc8 27. Re1 Qa8 28. Bd2 Rc5 29. Qd3 axb5 30. Bb4 Rc4 31. Nd2 Rc6 32. Nb3 Bf8 33. Qxb5 Nxb4 34. axb4 Qa6 35. Rd1+ Kc7 36. Nd4 Qxb5 37. Nxb5+ Kb6 38. Nd6 Bxd6 39. exd6 Rc8 40. f4 Rd8 41. fxg5 hxg5 42. g3 Kc6 43. h4 gxh4 44. gxh4 Rxd6 45. Rf1 Rd4 46. b5+ Kb6 47. Rxf7 Rxh4 48. Kf2 Rb4 49. Re7 Rxb5 50. Rxe6+ Ka5 51. Re1 Rf5+ 52. Kg3 b5 53. Kg4 Rc5 54. Kf4 b4 55. Ke4 b3 56. Kd3 Kb4 0-1

[Event "Plovdiv Bulgarian op 37th"]
[Site "Plovdiv"]
[Date "2015.02.05"]
[Round "6"]
[White "Jovanovic, Bojan P"]
[Black "Valsecchi, Alessio"]
[Result "0-1"]
[WhiteElo "2262"]
[BlackElo "2422"]
[PlyCount "118"]
[EventDate "2015.02.01"]
[EventType "swiss"]
[EventRounds "9"]
[EventCountry "BUL"]
[SourceTitle "CBM 164 Extra"]
[Source "ChessBase"]
[SourceDate "2015.03.02"]
[SourceVersion "1"]
[SourceVersionDate "2015.03.02"]
[SourceQuality "1"]

1. d4 Nf6 2. c4 g6 3. Nc3 d5 4. Nf3 Bg7 5. Bg5 Ne4 6. Bf4 Nxc3 7. bxc3 dxc4 8. e3 Be6 9. Qb1 c5 10. Qb5+ Nd7 11. Ng5 Bd5 12. Bxc4 Bxc4 13. Qxc4 0-0 14. Nf3 cxd4 15. cxd4 Qa5+ 16. Ke2 Rac8 17. Qb3 e5 18. Nxe5 Bxe5 19. Bxe5 Rc3 20. Qxb7 Rc2+ 21. Kf3 Nxe5+ 22. dxe5 Qxe5 23. Rhf1 Rc4 24. h3 Rb8 25. Qd7 Rb2 26. Qd3 Rbc2 27. g3 h5 28. Kg2 h4 29. gxh4 Kg7 30. Rab1 Qe6 31. Qd8 Qe4+ 32. Kg1 Rxf2 33. Rxf2 Qxb1+ 34. Kh2 Qb7 35. Qf6+ Kg8 36. h5 Qc7+ 37. Kg2 Rc6 38. Qg5 Rc5 39. Qf4 Qb7+ 40. Kh2 Rxh5 41. Rd2 Qc8 42. Qg3 Kg7 43. Rf2 Qe6 44. Rb2 Rxh3+ 45. Qxh3 Qe5+ 46. Qg3 Qxb2+ 47. Kh3 Qxa2 48. Qe5+ Kh7 49. Qd4 Qe6+ 50. Kg3 Qe7 51. Kf2 a5 52. Ke2 Qb4 53. Qd5 Kg8 54. Qe5 a4 55. Qe8+ Kg7 56. Qe5+ Kh7 57. Qd5 Qb2+ 58. Kf3 Kg7 59. e4 Qb3+ 0-1

[Event "SRB-chT Central"]
[Site "Kraljevo"]
[Date "2014.09.20"]
[Round "10.3"]
[White "Ilic, Zoran S"]
[Black "Jovanovic, Bojan P"]
[Result "1/2-1/2"]
[WhiteElo "2289"]
[BlackElo "2257"]
[PlyCount "28"]
[EventDate "2014.09.13"]
[EventType "team-tourn"]
[EventRounds "11"]
[EventCountry "SRB"]
[SourceTitle "CBM 162 Extra"]
[Source "ChessBase"]
[SourceDate "2014.10.17"]
[SourceVersion "1"]
[SourceVersionDate "2014.10.17"]
[SourceQuality "1"]
[WhiteTeam "Donja Studena"]
[BlackTeam "Kragujevac"]
[WhiteTeamCountry "SRB"]
[BlackTeamCountry "SRB"]

1. Nf3 d5 2. d4 e6 3. c4 Nf6 4. Nc3 Be7 5. g3 dxc4 6. Bg2 Nbd7 7. 0-0 a6 8. Qa4 0-0 9. Nd2 e5 10. d5 Ne8 11. Nxc4 Nd6 12. Nxd6 cxd6 13. b3 f5 14. Ba3 Nf6 1/2-1/2